000 00221nam a2200085Ia 4500
008 120527s9999 xx 000 0 und d
100 _aKrugman & Obstfeld
245 _aInternational economics: theory and policy
942 _cBK
999 _c27260
_d27260